000 00974nas a2200325 4500
001 BR0603641
003 BR-BrBNA
005 20231205110241.0
007 ta
008 230509b bl.|||p| |||| 00| 00por d
040 _aBR-BrBNA
_bpor
_cBiblioteca Nacional de Agricultura
041 _a(Pt)
072 _aF02
100 1 _aOliveira, A.P. de
100 1 _aNienow, A.A.
100 1 _aCalvete, E.O.
245 1 _aQualidade do sistema radicular de estacas semilenhosas e lenhosas de pessegueiro tratadas com AIB
650 _aPÊSSEGO
650 _aPROPAGAÇÃO VEGETATIVA
650 _aMUDA
650 _aENXERTO
650 _aESTACA
650 _aÁCIDO INDOLBUTÍRICO
650 _aENRAIZAMENTO DE ESTACA
650 _aQUALIDADE
650 _aSISTEMA RADICULAR
773 0 _tRevista Brasileira de Fruticultura (Brazil)
_xISSN 0100-2945
_g(Aug 2005), v. 27(2) p. 346-348
_wBR0603641
909 _a202311
_bLúcia
_c55
_dLúcia Elande
942 _2AGRIS
_n0
_cANA
999 _c186686
_d186686